[Event "SUI-ch HT3"]
[Site "Silvaplana"]
[Date "2003.??.??"]
[Round "3"]
[White "Angst, Peter"]
[Black "Gschwend, Fabian"]
[Result "0-1"]
[WhiteElo "1324"]
[BlackElo "1528"]
[PlyCount "35"]
[EventDate "2003.07.10"]
[EventType "swiss"]
[EventRounds "7"]
[EventCountry "SUI"]
[SourceTitle "CBM 095 Extra"]
[Source "ChessBase"]
[SourceDate "2003.09.04"]
[SourceVersion "1"]
[SourceVersionDate "2003.09.04"]
[SourceQuality "1"]

1. e4 e5 2. Nf3 Nc6 3. Bc4 Bc5 4. d3 d6 5. c3 Nf6 6. Bd5 Nxd5 7. exd5 Ne7 8. c4 0-0 9. Nc3 Bg4 10. Ne4 Bb6 11. h3 Bh5 12. g4 Bg6 13. h4 f5 14. Nfg5 fxe4 15. Be3 Bxe3 16. fxe3 c6 17. Ne6 Qa5+ 18. b4 0-1